Pojistný trh České republiky 1991-2010

Vývoj poistného trhu a základné trendy poisťovníctva v Českej republike v horizonte rokov 1991-2010. Hodnotenie výsledkov a bilancia za posledných dvadsať rokov.

Na minha lista:
Detalhes bibliográficos
Autor principal: Mesršmíd, Jaroslav
Outros Autores: Keller, Jozef
Formato: Capítulo de Livro
Idioma:tcheco
Assuntos:
Tags: Adicionar Tag
Sem tags, seja o primeiro a adicionar uma tag!

MARC

LEADER 00000naa a2200000 4500
001 0143884
005 20220729111450.6
041 0 |a cze 
044 |a CZ 
245 1 0 |a Pojistný trh České republiky 1991-2010  |c Jaroslav Mesršmíd, Jozef Keller 
520 |a Vývoj poistného trhu a základné trendy poisťovníctva v Českej republike v horizonte rokov 1991-2010. Hodnotenie výsledkov a bilancia za posledných dvadsať rokov. 
610 2 0 |a Česko 
610 2 0 |a poisťovníctvo 
610 2 0 |a poisťovne 
610 2 0 |a trh poistný 
610 2 0 |a poistné 
610 2 0 |a poistenie 
610 2 0 |a poistníci 
610 2 0 |a zmluvy poistné 
100 1 |a Mesršmíd, Jaroslav 
700 1 |a Keller, Jozef